[Event "Sautron op 13th"]
[Site "Sautron"]
[Date "2013.10.??"]
[Round "5"]
[White "Lagarde, Maxime"]
[Black "Touchefeu, Aurelien"]
[Result "1-0"]
[WhiteElo "2523"]
[BlackElo "1968"]
[PlyCount "48"]
[EventDate "2013.10.26"]
[EventType "swiss"]
[EventRounds "9"]
[EventCountry "FRA"]
[SourceTitle "EXT 2016"]
[Source "ChessBase"]
[SourceDate "2015.10.08"]
[SourceVersion "1"]
[SourceVersionDate "2015.10.08"]
[SourceQuality "1"]

1. e4 e6 2. Qe2 c5 3. g3 Nc6 4. c3 d6 5. Bg2 Bd7 6. Nf3 Nge7 7. d4 cxd4 8. cxd4 Rc8 9. Nc3 g6 10. Nb5 Ng8 11. 0-0 a6 12. Nc3 Bg7 13. Be3 Nge7 14. Qd2 0-0 15. Bh6 Bh8 16. Bxf8 Qxf8 17. Rac1 Bg7 18. Qf4 e5 19. dxe5 dxe5 20. Qd2 Bg4 21. Qd6 Rd8 22. Qc5 Bxf3 23. Bxf3 Nd4 24. Bg2 b5 1-0

[Event "Bedford e2e4 U2000"]
[Site "Bedford"]
[Date "2013.09.22"]
[Round "4"]
[White "Ai, Farshad"]
[Black "Touchefeu, Aurelien"]
[Result "1/2-1/2"]
[WhiteElo "1908"]
[BlackElo "1940"]
[PlyCount "105"]
[EventDate "2013.09.20"]
[EventType "swiss"]
[EventRounds "5"]
[EventCountry "ENG"]
[SourceTitle "EXT 2023"]
[Source "ChessBase"]
[SourceDate "2022.10.05"]
[SourceVersion "1"]
[SourceVersionDate "2022.10.05"]
[SourceQuality "1"]

1. c4 f5 2. g3 Nf6 3. Bg2 g6 4. Nf3 Bg7 5. 0-0 0-0 6. Nc3 d6 7. d4 Nc6 8. Qc2 h6 9. Rd1 a6 10. a3 Qe8 11. e4 fxe4 12. Nxe4 Nxe4 13. Qxe4 Bf5 14. Qe3 Bg4 15. h3 Bxf3 16. Bxf3 Kh7 17. Be4 e5 18. d5 Nd4 19. Rf1 Rf6 20. Kg2 Qa4 21. Qd3 Qb3 22. Qxb3 Nxb3 23. Rb1 Nxc1 24. Rbxc1 b6 25. b4 Bf8 26. Rc3 a5 27. b5 h5 28. Rf3 Rxf3 29. Kxf3 Bh6 30. a4 Rf8+ 31. Kg2 Kg7 32. f3 h4 33. g4 Bf4 34. Rd1 Kf6 35. Rd3 Kg5 36. Rb3 Bc1 37. Rc3 Bb2 38. Rb3 Bd4 39. Rd3 Rf4 40. Kf1 Rf6 41. Kg2 Bb2 42. Rb3 Bc1 43. Rc3 Bf4 44. Rb3 Bg3 45. Re3 Rf4 46. Re2 Rf8 47. Re3 Rf6 48. Rb3 Be1 49. Re3 Bd2 50. Re2 Bc3 51. Re3 Bd4 52. Rd3 Rf4 53. Kf1 1/2-1/2

[Event "Bedford e2e4 U2000"]
[Site "Bedford"]
[Date "2013.09.21"]
[Round "2"]
[White "Matthews, Adrian MS"]
[Black "Touchefeu, Aurelien"]
[Result "0-1"]
[WhiteElo "1879"]
[BlackElo "1940"]
[PlyCount "72"]
[EventDate "2013.09.20"]
[EventType "swiss"]
[EventRounds "5"]
[EventCountry "ENG"]
[SourceTitle "EXT 2023"]
[Source "ChessBase"]
[SourceDate "2022.10.05"]
[SourceVersion "1"]
[SourceVersionDate "2022.10.05"]
[SourceQuality "1"]

1. e4 e6 2. d4 d5 3. e5 c5 4. c3 Nc6 5. Nf3 f6 6. Bd3 Qc7 7. exf6 Nxf6 8. 0-0 Bd6 9. dxc5 Bxc5 10. b4 Bd6 11. Na3 a6 12. b5 Ne5 13. Nxe5 Bxe5 14. bxa6 bxa6 15. Bd2 Bxh2+ 16. Kh1 Bd6 17. Qa4+ Bd7 18. Nb5 Qc6 19. Nxd6+ Qxd6 20. Qh4 e5 21. Rfe1 0-0 22. Rab1 e4 23. Bf4 Qa3 24. Be2 Qxc3 25. Rec1 Qa3 26. Rb6 Qxa2 27. Bd1 Qa5 28. Rb7 Rac8 29. Rcb1 Rf7 30. Bb3 Bc6 31. Rxf7 Kxf7 32. Qh3 Re8 33. Be3 Qd8 34. Bd4 Qc8 35. Qg3 Qg4 36. Qe3 Qh5+ 0-1